Golpes militares y salidas electorales (Registro nro. 4716)

Detalles MARC
000 -LEADER
fixed length control field 01082 a2200217 4500
001 - CONTROL NUMBER
control field 48779
005 - DATE AND TIME OF LATEST TRANSACTION
control field 20260407155753.0
008 - FIXED-LENGTH DATA ELEMENTS--GENERAL INFORMATION
fixed length control field 260407a1995 arg spa d
003 - CONTROL NUMBER IDENTIFIER
control field AR-UNSa-BCEJYS
040 ## - CATALOGING SOURCE
Original cataloging agency AR-UNSa-BCEJYS
Language of cataloging spa
Transcribing agency AR-UNSa-BCEJYS
080 ## - UNIVERSAL DECIMAL CLASSIFICATION NUMBER
Universal Decimal Classification number 321.64
Common auxiliary subdivision Regímenes autoritarios modernos basados en movimientos políticos y nacionalistas. Dictadura de un partido o grupo. Totalitarismo. Dictadura militar
020 ## - INTERNATIONAL STANDARD BOOK NUMBER
International Standard Book Number 950-07-0151-0
100 1# - MAIN ENTRY--PERSONAL NAME
Personal name Luna, Félix
245 10 - TITLE STATEMENT
Title Golpes militares y salidas electorales
250 ## - EDITION STATEMENT
Edition statement 2a.ed.
264 #1 - PRODUCTION, PUBLICATION, DISTRIBUTION, MANUFACTURE, AND COPYRIGHT NOTICE
Place of production, publication, distribution, manufacture Buenos Aires :
Name of producer, publisher, distributor, manufacturer Sudamericana
Date of production, publication, distribution, manufacture, or copyright notice 1995
300 ## - PHYSICAL DESCRIPTION
Extent 175 p.
Dimensions 20 cm.
505 ## - FORMATTED CONTENTS NOTE
Formatted contents note 1. 1930: El golpe militar - 2. 1931: La salida electoral - 3. 1943: El golpe militar - 4. 1946: La salida electoral - 5. 1955: El golpe militar - 6. 1958: La salida electoral - 7. 1962: El golpe militar - 8. 1963: La salida electoral - 9. 1966: El golpe militar - 10. La salida electoral - 11. 1976: El golpe militar - 12. La debilidad política de los gobiernos militares.
590 ## - LOCAL NOTE (RLIN)
Local note niveau_biblio:m niveau_hierar:0
942 ## - ADDED ENTRY ELEMENTS (KOHA)
Koha item type
Existencias
Withdrawn status Lost status Damaged status Not for loan Home library Current library Shelving location Date acquired Total checkouts Full call number Barcode Date last seen Price effective from Koha item type
        Biblioteca Prof. Eusebio Cleto del Rey Biblioteca Prof. Eusebio Cleto del Rey   07/04/2026   321.64 L961 2ed. L69718 07/04/2026 07/04/2026 Libro
        Biblioteca Prof. Eusebio Cleto del Rey Biblioteca Prof. Eusebio Cleto del Rey   07/04/2026   321.64 L961 2ed. L69717 07/04/2026 07/04/2026 Libro